00983nam a2200277 i 4500001001000000003000900010005001700019007000300036008004100039040003000080041000800110082002400118100006100142245008700203250002500290264004500315300002800360336002700388337003300415338002800448490003800476590002600514942001400540952013400554999001700688000043989DO-SdBNP20250918110150.0ta140401s2004 dr r 000 0 spa d aDO-SdBNPbspacBNPHUerda aspa 4axxxbA561h 20042221 aAndrés, Mateo,eautorqMateo André, s.j.4aut.9720513aEl hombre como pensador :bbreve introducción a la filosofía /cMateo André. aUndécima edición 4aSanto Domingo :bEdiciones MSC,c©2004. a155 páginas ;c22 cm. atextobtxt2rdacontent asin mediaciónbn2rdamedia avolumenbnc2rdacarrier1 aColección Pensamiento y Vidav1 aInventariado, 2025/BT 2ddccLBS1 00102ddc51708PDaBNPHUbBNPHUcCTd2014-05-12l0oBNPHU PD A561h, 2004p43989-10r2020-06-25w2020-06-25yLBS1ZNo se presta c43478d43478